|
|
|
|
| LEADER |
00000nam0a2200000 4500 |
| 001 |
252692 |
| 005 |
20231101232756.0 |
| 010 |
|
|
|a 5703500419
|
| 020 |
|
|
|a RU
|b 89-36096
|
| 035 |
|
|
|a (RuTPU)RU\TPU\book\275042
|
| 090 |
|
|
|a 252692
|
| 100 |
|
|
|a 20140305d1989 m a0rusy5003 ca
|
| 101 |
0 |
|
|a rus
|
| 102 |
|
|
|a RU
|
| 105 |
|
|
|a y j 001zy
|
| 200 |
1 |
|
|a Вычислительные методы решения задач анализа и синтеза в теории оптимального управления
|e учебное пособие
|f М. В. Азанов, Ю. В. Заика, А. П. Росляков
|g Московский авиационный институт (МАИ)
|
| 210 |
|
|
|a Москва
|c Изд-во МАИ
|d 1989
|
| 215 |
|
|
|a 91 с.
|
| 320 |
|
|
|a Библиогр.: с. 89-90 (22 назв.)
|
| 606 |
1 |
|
|a Летательные аппараты
|2 stltpush
|3 (RuTPU)RU\TPU\subj\40060
|9 59935
|
| 610 |
1 |
|
|a автоматическое управление
|
| 610 |
1 |
|
|a математические исследования
|
| 610 |
1 |
|
|a учебные пособия
|
| 610 |
1 |
|
|a вычислительные методы
|
| 610 |
1 |
|
|a задачи
|
| 610 |
1 |
|
|a решение
|
| 610 |
1 |
|
|a анализ
|
| 610 |
1 |
|
|a синтез
|
| 610 |
1 |
|
|a оптимальное управление
|
| 675 |
|
|
|a 629.73.05-52(075.8)
|z rus
|
| 700 |
|
1 |
|a Азанов
|b М. В.
|g Михаил Валентинович
|
| 701 |
|
1 |
|a Заика
|b Ю. В.
|g Юрий Васильевич
|
| 701 |
|
1 |
|a Росляков
|b А. П.
|g Андрей Петрович
|
| 712 |
0 |
2 |
|a Московский авиационный институт (МАИ)
|c Национальный исследовательский университет
|2 stltpush
|3 (RuTPU)RU\TPU\col\3642
|
| 801 |
|
0 |
|a RU
|b RuMRKP
|c 19950417
|g psbo
|
| 801 |
|
1 |
|a RU
|b 63413507
|c 20140305
|
| 801 |
|
2 |
|a RU
|b 63413507
|c 20140417
|g RCR
|
| 942 |
|
|
|c BK
|